000 00354nam a2200145Ia 4500
008 220216s9999 xx 000 0 und d
100 _aDinsmore R P
245 0 _aScheme of accelerator classification
260 _bIRI Transactions
_c1928
300 _a85-106
650 _aAccelerator
650 _aVulcanisation
700 _aVogt W W
942 _cJS
999 _c68441
_d68441